| 000 | 01273nac a22003611i 4500 | ||
|---|---|---|---|
| 003 | EG-ScBUE | ||
| 005 | 20221219110722.0 | ||
| 006 | m||||fq||h 00| 0 | ||
| 008 | 221219s2005 maua f 000 0 eng d | ||
| 020 | _a1592532004 | ||
| 020 | _a9781592532001 | ||
| 035 | _a(OCoLC)ocm54414567 | ||
| 040 |
_aEG-ScBUE _beng _erda _cEG-ScBUE _dEG-ScBUE |
||
| 082 | 0 | 4 |
_a728.924 _bWIL _222 |
| 100 | 1 |
_aWilson, David, _eauthor. |
|
| 245 | 1 | 0 |
_a100 sunrooms : _ba hands-on design guide and sourcebook / _cDavid Wilson. |
| 246 | 3 |
_aOne hundred sunrooms : _ba hands-on design guide and sourcebook |
|
| 264 | 1 |
_aGloucester, Massachusetts : _bQuarry Books, _c2005. |
|
| 300 |
_a176 pages : _billustrations (chiefly color) ; _c24 cm + _e1 CD |
||
| 336 |
_2rdacontent _atext _btxt |
||
| 336 |
_2rdacontent _asounds _bsnd |
||
| 337 |
_2rdamedia _aunmediated _bn |
||
| 337 |
_2rdamedia _aaudio _bs |
||
| 338 |
_2rdacarrier _avolume _bnc |
||
| 338 |
_2rdacarrier _acomputer disc _bcd |
||
| 650 | 7 |
_aSunspaces. _2BUEsh |
|
| 650 | 7 |
_aSunspaces _xDesign and construction _vAmateurs' manuals. _2BUEsh |
|
| 650 | 7 |
_aSolariums. _2BUEsh |
|
| 650 | 7 |
_aSolariums _xConception et construction _vManuels d'amateurs. _2BUEsh |
|
| 653 | _bENGARC | ||
| 655 | _vReading book | ||
| 942 |
_cBB _2ddc |
||
| 999 |
_c7316 _d7316 |
||